Marvel Cinematic Universe: Members of the TVA by Picture - Statistics

General Stats
  • This quiz has been taken 24 times
  • The average score is 10 of 16
Answer Stats
Picture Answer % Correct
Loki
95%
Miss Minutes
89%
He Who Remains
84%
Mobius M. Mobius
84%
Deadpool
79%
Ouroboros
68%
Hunter B-15
63%
Ravonna Renslayer
63%
Victor Timely
63%
Casey
53%
Mr. Paradox
53%
Time-Keepers
47%
Hunter C-20
42%
Hunter X-05
37%
General Dox
32%
Judge Gamble
26%
No matching quizzes found
Score Distribution
Percent of People with Each Score
Percentile by Number Answered
Your Score History
You have not taken this quiz